| 000 | 01262nam a2200181 u 4500 | ||
|---|---|---|---|
| 001 | 000020321 | ||
| 005 | 20200929170351.0 | ||
| 008 | 100813s2015 dr 000 0 spa d | ||
| 020 | _a9789945899153 | ||
| 040 |
_aDO-SdBNP _bspa _cBNPHU |
||
| 082 |
_axxx _bxxxx |
||
| 100 | 1 |
_aGonzález Quiñones, Ricardo _942961 |
|
| 245 | 1 | 0 |
_aSabaneta : _bciento setenta años de historia y heroísmo cronología 1844-2014 / _cRicardo González Quiñones. |
| 260 |
_aSanto Domingo : _bMinisterio de Cultura, _bProyectos Culturales, _c2015. |
||
| 300 |
_a188 p. ; _c24 cm. |
||
| 505 | 0 |
_aPrólogo / _rPedro Carreras Aguilar -- _tAsí renación Sabaneta : somos los hijos del fuego -- _tEntre la comúm y la Anexión -- _tLa sublevación de Sabaneta : nuestros próceres y mártires al grito de ¡mache, carajo! -- La cuna de la restauración y El Grito de Capotillo -- _tSabaneta novillo desde el año 1901 hasta el año 1930 -- _tSabaneta,Santiago Rodríguez desde 1930 hasta el año 1945 -- _tSabaneta,Santiago Rodríguez desde 1946 hasta el año 161 -- . _tSan Ignacio de Sabaneta, Santiago Rodríguez des el año 1981 hasta el año 2000 -- _tSan Ignacio de Sabaneta, Santiago Rodríguez des el año2001 hasta el año 2014. |
|
| 500 | _aIncluye datos biográficos del autor en la solapa | ||
| 999 |
_c19825 _d19825 |
||